| 000 | 00898nam a2200217Ii 4500 | ||
|---|---|---|---|
| 003 | JO-AjNU | ||
| 008 | 230605s9999||||xx |||||||||||||| ||und|| | ||
| 040 |
_aJO-AjNU _bara _erda _cJO-AjNU |
||
| 041 | _aara | ||
| 050 | 1 | 4 | _aBP173.75.S222 2005 |
| 100 | 3 |
_aالسبهاني، عبد الجبار, _eauthor _956571 |
|
| 245 | 0 | 0 | _aالأسعار وتخصيص الموارد في الإسلام : مدخل إسلامي لدراسة النظرية الإقتصادية دراسة مقارنة |
| 250 | _aط1 | ||
| 264 | 3 | 1 | _aدبي: دار البحوث للدراسات الإسلامية واحياء التراث، 2005 |
| 300 |
_a535ص _bالفهارس ص501-535 |
||
| 336 |
_atext _btxt _2rdacontent |
||
| 337 |
_aunmediated _bn _2rdamedia |
||
| 338 |
_avolume _bnc _2rdacarrier |
||
| 490 | 0 | _aسلسلة الاقتصاد الاسلامي2 | |
| 650 | 4 |
_aالاقتصاد الاسلامي _956572 |
|
| 999 |
_aA25298 _c28866 _d28866 |
||